Vývoj poisťovníctva na Slovensku

Uložené v:
Podrobná bibliografia
Hlavný autor: Juhászová, Zuzana, 1970-
Ďalší autori: Neuvirthová, Renáta, Meluchová, Jitka, 1965-
Médium: Kapitola
Jazyk:Slovak
Tagy: Pridať tag
Žiadne tagy, Buďte prvý, kto otaguje tento záznam!

MARC

LEADER 00000naa$a2200000$$$4500
001 0085100
005 20240502071952.3
041 0 |a slo 
044 |a SK 
245 1 0 |a Vývoj poisťovníctva na Slovensku  |c Zuzana Juhászová, Renáta Neuvirthová, Jitka Meluchová 
100 1 |a Juhászová, Zuzana, 1970- 
700 1 |a Neuvirthová, Renáta 
700 1 |a Meluchová, Jitka, 1965-